Middle East Countries - Sudden Death - Statistics

General Stats
  • This quiz has been taken 120 times
  • The average score is 9 of 17
Answers on the Grid
Answers color-coded by a green-red scale on the quiz's grid according to % correct below.
Comoros
Saudi Arabia
Laos
Pakistan
Qatar
Syria
Belarus
Uruguay
Bahrain
Montenegro
Sudan
Libya
Suriname
Egypt
Iraq
United Arab Emirates
Democratic Republic of Congo
Samoa
Madagascar
Lebanon
Afghanistan
Jordan
East Timor
Oman
Portugal
Kazakstan
Mongolia
Yemen
Palestine
Sri Lanka
Vietnam
Algeria
Cyprus
Kuwait
New Zealand
Iran
Latvia
Greenland
Turkey
El Salvador
Aruba
Israel
 
Answer Stats
Answer % Correct
Saudi Arabia
94%
Qatar
89%
Syria
77%
Iraq
60%
Bahrain
51%
United Arab Emirates
51%
Iran
49%
Israel
49%
Lebanon
49%
Yemen
46%
Egypt
43%
Jordan
43%
Oman
43%
Kuwait
40%
Palestine
40%
Turkey
37%
Cyprus
17%
No matching quizzes found
Score Distribution
Percent of People with Each Score
Percentile by Number Answered
Your Score History
You have not taken this quiz